MDQL
is popping MORE tags! Check the
thread
!
Quizzes
Events
Quiz Creation
Community
Videos
Private Events
Remove Ads
Sign In
Join for FREE
Feedback
Dark Mode
Quiz Categories
Sports
Geography
Music
Movies
Television
Just For Fun
Miscellaneous
History
Literature
Language
Science
Gaming
Entertainment
Religion
Holiday
For Kids
Quiz Lab
Recent
Popular Today
Quiz Kudos Today
Editor Picks
Curator Picks
Quizzes by...
Day
Popularity
Type
Ratings
Length
Year
Community
Subscriptions
Recent Discussions
Orange Saloon
Badges
Playlists
Quests
Create
Leaderboards
Showdown
Live 5
Trivia Bingo
Activity
Puzzle Library
Sporcle Events
Private Events
Virtual Trivia
Globe League
Become a Host
Pub Owners
SporcleCon
Opinionation
Our Games
Videos
Blog
Mobile Apps
Partnerships
Remove Ads and Go Orange
Feedback
Movies
Disney
Marvel Cinematic Universe
Movie Resume
Movie Titles
Oscar
Actor
Actress
Director
Pixar
Role
Movie Quotes
Movie Characters
Box Office
Nominee
Best Picture
Star Wars
James Bond
Horror Movies
Movies
Disney
Marvel Cinematic Universe
Movie Resume
Movie Titles
Oscar
Actor
Actress
Director
Pixar
Role
Movie Quotes
Movie Characters
Box Office
Nominee
Best Picture
Star Wars
James Bond
Horror Movies
Random Quiz
Search Sporcle
×
Quiz Lab
Quiz Lab
Movies
Pixar
Type in answers that appear in a list
Type in answers that appear in a list
Classic
Best Score? Go Orange.
Top 50 Animated Movie Characters Stats
Can you name the Top 50 Animated Movie Characters according to empireonline.com?
By
joehemmings
8m
50 Questions
546 Plays
546 Plays
546 Plays
Comments
Comments
Give Quiz Kudos
Give Quiz Kudos
-
- Ratings
hide this ad
Replay
Link that replays current quiz
Next Quiz
Link to next quiz in quiz playlist
You Got
0%
They Got
Avg Score
29%
Avg Friend Score
Upgrade to see
Score Distribution
Jump to the score distribution portion of the page
Score
0/50
Timer
08:00
0
Plays Today
Ranking
Character
% Correct
2
Woody
72.2%
50
Mickey Mouse
70.3%
13
Buzz Lightyear
60.4%
35
Roger Rabbit
58.1%
4
Wall-E
58.1%
21
Donkey
57.1%
17
Dory
54.2%
23
Mike Wasowski
50.4%
34
Homer J Simpson
46.9%
9
Dumbo
46.9%
41
Remy
46.5%
20
Genie
46%
44
Thumper
45.8%
6
Jessica Rabbit
43.8%
3
Baloo
43.8%
12
Lilo
42.7%
1
Gromit
40.5%
24
Captain Hook
39.9%
47
Daffy Duck
34.8%
15
Coraline
34.4%
11
Puss in Boots
34.1%
16
Cruella De Vil
31.5%
10
Dug
31.1%
39
Lumiere
30.8%
43
Fievel
30.4%
Ranking
Character
% Correct
30
Grumpy
30%
18
Totoro
29.7%
22
Jack Skellington
28.6%
7
Maleficent
26.6%
26
Hiccup
26.4%
8
The Iron Giant
26.2%
40
Rhino
19%
37
Skipper
16.5%
32
Shifu
15.8%
38
Satan
13.6%
49
Z
13%
29
Carl Fredrickson
12.1%
42
Sophie
11.4%
33
Emily
10.1%
48
Fiver
9%
28
Steve
9%
27
Chihiro
9%
46
Toad
8.8%
36
Insectosaurus
6%
31
DJ
5.5%
45
Aisling
4.8%
25
Kristofferson
3.7%
14
Tetsuo
3.5%
19
Madame Souza
1.1%
5
Marji
0.7%
Quiz Playlist
Details
Report
Send in Message
Add To Playlist
Classic:
Type in answers that appear in a list
Quiz Source
Last Updated: Feb 16, 2017
Quiz Scoreboard
CHALLENGE
Sign Up to Join the Scoreboard
Show All
Scores
Hide
Comments
May contain spoilers
Recently Published
Colored Red Africa Blitz
by spor1
Geography
30s
Find the 'City' Movie
by crazypaving
Movies
60s
5x2 Blitz: Bands
by SL_Kpop136
Music
30s
More to Explore
Quiz From the Vault
Featured Blog Post
14 Easter Pick-up Lines to Find Eggs With
hide this ad
You Might Also Like...
Tags
Animation Quiz
Disney Quiz
Movie Titles Quiz
Pixar Quiz
Disney Films
Dreamworks
Dreamworks Animation
Toy Story
Today's Top Quizzes in Movies
Browse Movies
hide this ad
Today's Top Quizzes in Pixar
Browse Pixar
Top Contributed Quizzes in Movies
1
Find The 'Big' Movie
2
Find The 'Wild' Movie
3
Find The 'Blue' Movie
4
Movies By Plot
5
Pick 5 Posters: Directed by Spielberg
6
Hidden Star Wars Character II
7
Hidden Star Wars Character III
8
Hidden Star Wars Character IV
9
Alfred Hitchcock Movies by Plot
10
Hidden Star Wars Character V
Explore More
Trending Topics
Marvel
Harry Potter
Kpop
Anime
NBA
Disney
Crossword
Soccer
Pokémon
WWE
Country
Song
NFL
Puzzle
The Office
hide this ad
More By:
joehemmings
Quiz
Plays
Rating
Category
Featured
Created
Wrestling Animosity
5,171
3.79
Sports
Oct 22, 2011
Most Featured Dr Who Villains
1,508
2.57
Television
Dec 25, 2012
WWE: Longest Careers
802
1.86
Sports
May 18, 2013
WWE, Most losses 2012
724
4.00
Sports
Dec 15, 2012
Top 50 Animated Movie Characters
546
2.88
Movies
Dec 26, 2011
Go to Creator's Profile
Score Distribution
Quiz Creator Spotlight
joehemmings
Follow
Send a Message
Quizzes Created
-
Created Quiz Play Count
-
More By This Creator
Popular Quizzes Today
1
Find the 'City' Movie
2
Colored Red Africa Blitz
3
Find the US States - No Outlines Minefield
4
5x2 Blitz: Bands
5
The Countries of the World
6
Find the US States
7
US States
8
9x9 Crossword: Cartoon Network
More Movies Quizzes
Movies Based On Books
Quiz Lab
Trending Quizzes
Colored Red Europe Blitz I
Colored Red Africa Blitz II
Colored Red Europe Blitz II
Colored Red Africa Blitz III
Colored Red Europe Blitz III
Recently Updated
2024 March Madness Bracket
pecheneg
Famous TV Couples
Peacemaker
Champions League XIs: Real Madrid
pecheneg
Largest US Cities 1790-2010
pecheneg
Rides in Walt Disney World
pecheneg
Most Oscar Losses (Acting)
pecheneg
Beyoncé Albums
pecheneg
Leaping Animals
pecheneg
Reality TV Shows (A-Z)
bhenderson79
Rickey Henderson's Hall of Fame Teammates
pecheneg
Trending Topics
Harry Potter
Marvel
Anime
NBA
Disney
Kpop
Crossword
Soccer
Pokémon
The Office
WWE
Song
Puzzle
Country
NFL
Your Account Isn't Verified!
In order to create a playlist on Sporcle, you need to verify the email address you used during registration. Go to your
Sporcle Settings
to finish the process.
Report this User
Report this user for behavior that violates our
Community Guidelines
.
Details:
Send Report
Go to the Sporcle.com Mobile Site →
Comments